Jaki to klub - Statystyki

Ogólne statystyki
  • Ten quiz został rozwiązany 83 razy
  • Średni wynik to 9 z 15
Statystyki odpowiedzi
Podwowiedź Odpowiedź % Poprawnych
wygrał 14 razy ligę mistrzów Real Madryt
99%
Gra tam Robert Lewandowski FC Barcelona
79%
Gra tam Wojciech Szczęsny Juventus
79%
byli w finale pucharu polski 2023 *wygrał* Legia Warszawa
69%
gra w nim Lionel Messi *Nie PSG* Inter Miami
68%
wygrał ligę mistrzów 2022/23 Manchester City
67%
Wygrali puchar ekstraklasy 2022/23 Raków Częstochowa
67%
wygrał league 1 2022/23 PSG
64%
Grał w nim Cristiano Ronaldo Manchester United
60%
był w finale lidze mistrzów 2022/23 *przegrał* Inter Mediolan
59%
wygrali 4-0 z miedź legnicą *trójmiasto* Lechia Gdańsk
56%
mistrzowie europy 2022/23 *liga europy* Sevilla
53%
mistrz ligi 1 2022/23 ŁKS Łódź
36%
16 w tabeli ekstraklasy 2022/23 Wisła Płock
32%
Gra tam Tomas Muller FC Bayern Monachium
11%
Nie znaleziono quizów pasujących do podanych kryteriów
Rozkład punktacji
Procent ludzi z każdym wynikiem
Percentyl według liczby udzielonych odpowiedzi
Twoja historia wyników
Nie rozwiązałeś tego quizu